• 首页
  • 本馆介绍
  • 公告通知
  • 最新文献
  • 馆藏检索
  • 电子资源
  • 读者导购
  • 参考咨询
  • 我的图书馆
  • 登录
  • 详细信息显示
  • 放入我的书架
  • 预约/预借图书
  • 作者相关作品
  • 分类相关作品
  • 丛书相关作品
  • 出版社相关作品

书目信息

  • 表格格式
  • 工作单格式
  • 卡片格式
题名:
国语正羲
    
 
作者: 董增齢
分册:  
出版信息: 四川   巴蜀书社  
页数: 1045
开本: 20cm
丛书名:
单 册:
中图分类: K225.04
科图分类:
主题词: 中国--古代史--奴隶社会
电子资源:
ISBN: 978-7-5531-1559-7
000 00513nam0 2200181 450
001 202312149931274581
005 20231214094949.79
010    @a978-7-5531-1559-7
100    @a20231214d km y0chiy0120 ea
101 0  @achi
200 1  @a国语正羲@AGuo Yu Zheng Xi@f董增齢@FDong Zeng Ling
210    @a四川@c巴蜀书社
215    @a1045@d20cm
606 0  @a中国@x古代史@x奴隶社会
690    @aK225.04@v4
701  0 @a董增齢@ADong Zeng Ling
801  0 @aCN@b大连网信软件有限公司图书馆·11@c20231214
905    @dK225.04@e108
    
    国语正羲/董增齢.-四川:巴蜀书社
    1045;20cm
    
    
    ISBN 978-7-5531-1559-7:
    
●
相关链接 在E读中查询图书 在五车中查询图书 在当当中查询图书 在豆瓣中查询图书


正题名:国语正羲     索取号:K225.04/108         预约/预借

序号 登录号 条形码 馆藏地/架位号 状态 备注
1 1053415   210534153   师院文库/ [索取号:K225.04/108] 在馆    
2 1053416   210534162   第二样本阅览室/ [索取号:K225.04/108] 在馆    
唐山师范学院图书馆 欢迎您!
大连网信软件有限公司© 版权所有